Las naciones proletarias (Registro nro. 6714)

Detalles MARC
000 -LEADER
fixed length control field 01338 a2200205 4500
001 - CONTROL NUMBER
control field 59508
005 - DATE AND TIME OF LATEST TRANSACTION
control field 20260407155849.0
008 - FIXED-LENGTH DATA ELEMENTS--GENERAL INFORMATION
fixed length control field 260407a1965 arg spa d
003 - CONTROL NUMBER IDENTIFIER
control field AR-UNSa-BCEJYS
040 ## - CATALOGING SOURCE
Original cataloging agency AR-UNSa-BCEJYS
Language of cataloging spa
Transcribing agency AR-UNSa-BCEJYS
080 ## - UNIVERSAL DECIMAL CLASSIFICATION NUMBER
Universal Decimal Classification number 339.9
Common auxiliary subdivision Economía internacional en general. Relaciones económicas internacionales. Economía mundial
100 1# - MAIN ENTRY--PERSONAL NAME
Personal name Moussa, Pierre
245 10 - TITLE STATEMENT
Title Las naciones proletarias
250 ## - EDITION STATEMENT
Edition statement 2a. ed.
264 #1 - PRODUCTION, PUBLICATION, DISTRIBUTION, MANUFACTURE, AND COPYRIGHT NOTICE
Place of production, publication, distribution, manufacture Madrid :
Name of producer, publisher, distributor, manufacturer Tecnos
Date of production, publication, distribution, manufacture, or copyright notice 1965
300 ## - PHYSICAL DESCRIPTION
Extent 184 p.
Dimensions 23 cm.
505 ## - FORMATTED CONTENTS NOTE
Formatted contents note Primera parte: Las naciones pobres y la expoliación: 1. ¿Pauperización del “Tercer mundo”? – 2. La política de “José” – 3. “Fifty-Fifty” – 4. Las reformas agrarias o la tierra de los condenados – 5. Del intermediario a la cooperativa – 6. Malthus y las naciones proletarias – Segunda Parte: los caminos del crecimiento: 7. Estimación del crecimiento – 8. El ahorro de los pueblos pobres – 9. “El cielo te ayudará” – 10. El papel del capital privado – 11. Elementos de una tecnología del desarrollo – 12. La ayuda intelectual – 13. Condiciones psicológicas y políticas – 14. Intereses políticos en juego – 15. Intereses económicos en juego – 16. ¿Hacia una conjuración universal?
590 ## - LOCAL NOTE (RLIN)
Local note niveau_biblio:m niveau_hierar:0
942 ## - ADDED ENTRY ELEMENTS (KOHA)
Koha item type
Existencias
Withdrawn status Lost status Damaged status Not for loan Home library Current library Shelving location Date acquired Total checkouts Full call number Barcode Date last seen Price effective from Koha item type
        Biblioteca Prof. Eusebio Cleto del Rey Biblioteca Prof. Eusebio Cleto del Rey   07/04/2026   339.9 M933 2ed. L23880 07/04/2026 07/04/2026 Libro